Catalogue of the coins of ancient India / (Record no. 62565)
[ view plain ]
| 000 -LEADER | |
|---|---|
| fixed length control field | 01307nam a2200301 a 4500 |
| 001 - CONTROL NUMBER | |
| control field | 62565 |
| 003 - CONTROL NUMBER IDENTIFIER | |
| rucl marc code | BD-RjUL |
| 005 - DATE AND TIME OF LATEST TRANSACTION | |
| control field | 20211209081111.0 |
| 008 - FIXED-LENGTH DATA ELEMENTS--GENERAL INFORMATION | |
| fixed length control field | 170124r19671936enkaf bc 001 0 eng |
| 035 ## - SYSTEM CONTROL NUMBER | |
| System control number | (BD-RjUL)62691 |
| 040 ## - CATALOGING SOURCE | |
| Original cataloging agency | DLC |
| Transcribing agency | NcU |
| Modifying agency | BD-RjUL |
| Language of cataloging | eng |
| 041 ## - LANGUAGE CODE | |
| Language code of text/sound track or separate title | eng |
| 082 ## - DEWEY DECIMAL CLASSIFICATION NUMBER | |
| Classification number | 737.4934 |
| Edition number | 23 |
| Author mark and year | ALC 1967 |
| 110 2# - MAIN ENTRY--CORPORATE NAME | |
| Corporate name or jurisdiction name as entry element | British Museum. |
| Subordinate unit | Department of Coins and Medals. |
| 9 (RLIN) | 186011 |
| 245 10 - TITLE STATEMENT | |
| Title | Catalogue of the coins of ancient India / |
| Statement of responsibility, etc. | by John Allan. |
| 260 ## - PUBLICATION, DISTRIBUTION, ETC. (IMPRINT) | |
| Place of publication, distribution, etc. | London : |
| Name of publisher, distributor, etc. | British Museum, |
| Date of publication, distribution, etc. | c1967 |
| 300 ## - PHYSICAL DESCRIPTION | |
| Pagination | clxvii, 318 p. : |
| Illustrations | ill. ; |
| Size | 23 cm. |
| 500 ## - GENERAL NOTE | |
| General note | Photolithographic reprint of 1936 ed. |
| General note | Half-title: A catalogue of the Indian coins in the British Museum. |
| General note | "This volume of the Catalogue of Indian coins in the British Museum, the seventh of the series, deals with the coins issued by native rulers from the earliest times to about A. D. 300."--Pref. |
| General note | The coins here described are largely from the collection of Sir Alexander Cunningham. cf. Introd., p. [xiii] |
| 504 ## - BIBLIOGRAPHY, ETC. NOTE | |
| Bibliography, etc | Includes bibliographical references and indexes. |
| 650 #0 - SUBJECT ADDED ENTRY--TOPICAL TERM | |
| Topical term or geographic name as entry element | Coins, Indic. |
| 9 (RLIN) | 185857 |
| Topical term or geographic name as entry element | Numismatics |
| Geographic subdivision | India. |
| 9 (RLIN) | 186006 |
| 700 1# - ADDED ENTRY--PERSONAL NAME | |
| Personal name | Allan, John, |
| Dates associated with a name | 1884-1955. |
| Personal name | Cunningham, Alexander, |
| Dates associated with a name | 1814-1893. |
| 942 ## - ADDED ENTRY ELEMENTS (KOHA) | |
| Source of classification or shelving scheme | Dewey Decimal Classification |
| Koha item type | Books |
| Lost status | Source of classification or shelving scheme | Damaged status | Not for loan | Collection code | Permanent Location | Current Location | Shelving location | Date acquired | Source of acquisition | Total Checkouts | Full call number | Date last seen | Copy number | Koha item type |
|---|---|---|---|---|---|---|---|---|---|---|---|---|---|---|
| Dewey Decimal Classification | Not For Loan | Non-fiction | Central Library, University of Rajshahi | Central Library, University of Rajshahi | Reading Room | 15/01/1972 | zeittinger | 737.4934 ALC 1967 | 24/01/2017 | C-1 | Books |